开方测验 - Statistics

General Stats
  • This quiz has been taken 17 times
  • The average score is 17 of 20
Answer Stats
数字 x 答案 % Correct
4 2 2
100%
64 6 2
100%
27 3 3
100%
36 2 6
100%
3375 3 15
94%
1048576 5 16
94%
1024 5 4
94%
729 3 9
94%
371293 5 13
88%
3200000 5 20
88%
15625 6 5
88%
16807 5 7
88%
262144 6 8
88%
1771561 6 11
82%
279841 4 23
76%
1544804416 6 34
76%
594823321 6 29
71%
923521 4 31
71%
1185921 4 33
71%
2085136 4 38
59%
No matching quizzes found
Score Distribution
Percent of People with Each Score
Percentile by Number Answered
Your Score History
You have not taken this quiz